Estadísticas para Prueba de Extremadura

Haz click aquí para tomar la prueba!

Estadísticas generales

  • Esta prueba ha sido tomada 832 veces
  • La puntuación promedio es 9 de 15

Estadísticas de respuestas

PreguntaRespuesta% Correcto
La ciudad más pobladaBadajoz
97%
La segunda ciudad más pobladaCáceres
96%
CapitalMérida
93%
Olivenza pertenecía a este país por unos 500 añosPortugal
83%
La comida distinta para esos cerdos extremeñosBellota
80%
Comida de cerdo especialmente popular en ExtremaduraJamón {ibérico}
78%
Conquistadores que nacieron en ciudades extremeñasHernán Cortés
70%
Conquistadores que nacieron en ciudades extremeñasFrancisco Pizarro
67%
Esta torre es una réplica de la torre con el mismo nombre en SevillaGiralda
59%
Esa capital es famosa por este tipo de arquitecturaRomano
48%
Patrón (nombra uno)Nuestra Señora de Guadalupe | San Pedro de Alcántara
27%
Presidente de la Junta de Extremadura por 24 añosJuan Carlos Rodríguez Ibarra
26%
Almoharín es conocido como pueblo de esta frutaHigo
22%
En Guadalupe se puede encontrar este Patrimonio MundialReal Monasterio
13%
Tipo de ensalada con huevos y tomatesZorongollo
11%

Distribución de puntuación

Porcentaje por número respondido

Porcentaje de gente con cada puntuación

Historial de tus puntuaciones

No has tomado esta prueba